Dies pro honore civitatis... Na poctu mesta

Bibliographic Details
Main Authors: Molnár, Martin, 1972- (Author, Compiler), Starják, Matej (Author)
Other Authors: Tomková, Milada (Compiler)
Format: Book
Language:Slovak
PhysicalDescription:31 s. fotogr., erby, plány 15 cm
Published: Michalovce Mestské kultúrne stredisko 2008
ISBN:9788096987184 (brož.)
Edition:[1. vyd.]
Subjects:

MARC

LEADER 00000nam a2200000 a 4500
001 vtls009341397
003 SK-MaSNL
005 20260301024239.0
008 081002s2008 xo ioe g af 000 0 slo
015 |a SNBE2009/01-00077 
020 |a 9788096987184 (brož.) 
040 |a SNK  |b slo  |c SNK  |e AACR2 
041 0 |a slo  |b eng 
043 |a e-xo--- 
044 |a xo  |c SK 
072 7 |a 394  |x Verejný a spoločenský život. Každodenný život  |2 konspekt 
080 |a 394.2/.7  |2 2001 
080 |a 94(437.6)  |2 2001 
080 |a (036)  |2 2001 
100 1 |a Molnár, Martin,  |d 1972-  |4 aut  |4 com  |9 217668 
245 1 0 |a Dies pro honore civitatis... Na poctu mesta  |c [autori: Martin Molnár, Matej Starják ; zostavovatelia: Milada Tomková, Martin Molnár] 
250 |a [1. vyd.] 
260 |a Michalovce  |b Mestské kultúrne stredisko  |c 2008 
300 |a 31 s.  |b fotogr., erby, plány  |c 15 cm 
500 |a Názov z obalu 
546 |a Res. angl. 
611 2 7 |a Dies pro honore civitatis... Na poctu mesta  |d (2008 :  |c Michalovce, Slovensko)  |2 SNKKA  |9 317978 
648 7 |a 15.-20. stor.  |2 SNKPH  |9 286532 
650 0 7 |a historické slávnosti  |2 SNKPH  |9 263397 
650 0 7 |a dejiny miest  |2 SNKPH  |9 164833 
651 7 |a Michalovce (Slovensko)  |2 SNK  |9 22487 
655 7 |a informačné publikácie  |2 SNKPH  |9 70181 
700 1 |a Starják, Matej  |4 aut  |9 317979 
700 1 |a Tomková, Milada  |4 com  |9 317980 
919 |a 978-80-969871-8-4 
999 |c 570784  |d 572714 
952 |a SNK  |b SNK  |y PREZ  |7 0  |p 17A0599959  |o snkOSE 4437  |i snk2008/18501  |8 0  |0 0  |1 0  |4 0  |d 2008-10-02  |l 0  |r 2026-02-23 14:14:17  |w 2026-02-23 
952 |a SNK  |b SNK  |y VYP  |7 0  |p 17A0599964  |o snkOSE 4437 D1  |i snk2008/18502  |8 0  |0 0  |1 0  |4 0  |d 2008-10-02  |l 0  |r 2026-02-23 14:14:17  |w 2026-02-23